Slow Death for Slavery : (Record no. 616519)

MARC details
000 -LEADER
fixed length control field 00505nam a2200193 a 4500
008 - FIXED-LENGTH DATA ELEMENTS--GENERAL INFORMATION
fixed length control field 260302s1993##################000#0#eng##
020 ## - INTERNATIONAL STANDARD BOOK NUMBER
ISBN 9780521447027
082 04 - DEWEY DECIMAL CLASSIFICATION NUMBER
Classification number 326.0966
Item number LOV
100 1# - MAIN ENTRY--AUTHOR NAME
Personal name Lovejoy, Paul E.,
245 10 - TITLE STATEMENT
Title Slow Death for Slavery :
260 ## - PUBLICATION, DISTRIBUTION, ETC. (IMPRINT)
Name of publisher Cambridge University Press,
Year of publication 1993.
300 ## - PHYSICAL DESCRIPTION
Number of Pages 412 pages
650 #0 - SUBJECT ADDED ENTRY--TOPICAL TERM
Topical Term History.
942 ## - ADDED ENTRY ELEMENTS (KOHA)
Koha item type English Books

No items available.

Find us on the map